Loading...
Uses of literature /
| Other Authors: | |
|---|---|
| Format: | Printed Book |
| Language: | English |
| Published: |
Oxford:
Blackwell,
2008.
|
| Subjects: |
| LEADER | 00544cam a2200181ua 4500 | ||
|---|---|---|---|
| 008 | 120721t2008||||||||||| 00 ||eng c | ||
| 041 | 0 | |a eng | |
| 082 | |a 801 |b FEL/U | ||
| 245 | 1 | 0 | |a Uses of literature / |
| 260 | |a Oxford: |b Blackwell, |c 2008. | ||
| 300 | |a 154p.. | ||
| 362 | 1 | |a 2008. | |
| 650 | |a Literature-Philosophy | ||
| 650 | 0 | |a Books and reading | |
| 700 | 0 | 2 | |a Felski,, Rita |
| 942 | |c BK | ||
| 999 | |c 27424 |d 27424 | ||
| 952 | |0 0 |1 0 |4 0 |6 801_000000000000000_FEL |7 0 |9 29192 |a KUCL |b KUCL |d 2014-05-23 |l 2 |o 801 FEL/ |p 29087 |r 2016-03-30 |s 2016-03-03 |w 2014-05-23 |y BK | ||